Culture générale - Depuis quand ? *1* - Statistiques

Statistiques générales
  • Ce quiz a été pris 71 fois
  • Le résultat moyen est 3 sur 15
Statistiques - réponses
Hint Explanation Réponse % Correct
est-on capable de greffer un coeur ? Pr Barnard en Afrique du Sud 1972
49%
existe la boite de vitesse automatique à commande électronique chez Renault 1969
43%
en France, le régime obligatoire de retraite est créé par l'Etat pour les ouvriers et les paysans des régimes particuliers existaient avant 1910
34%
peut-on voler en montgolfière ? Invention des frères Montgolfier 1783
28%
sait-on fabriquer du verre plat ? pour les vitres et les miroirs 1320
20%
existe le paratonnerre Invention de Benjamin Franklin 1752
16%
le divorce a été possible pour la première fois en France ? loi du 30/8/1792 1792
16%
mange-t-on de la sauce Béchamel ? créée pour Louis Béchameil 1651
15%
les marins de la Royale (marine de guerre) disposent d'une retraite ? Une idée de Colbert 1673
11%
dispose-t-on d'un baromètre Invention de Torricelli 1643
10%
les bicyclettes ont-elles des chaines ? Invention de Meyer et Guimet 1869
10%
existe les machines à écrire ? Invention de W.A. Burt 1829
8%
peut-on coudre à la machine Invention de Barthélémy Thimonnier 1830
8%
existent les autorails ? Invention de Léon Serpollet 1897
8%
a-t-on un livret de famille ? créé à la suite de la destruction de l'état civil parisien 1877
7%
Aucun quiz correspondant
Distribution des résultats
% des personnes avec chaque résultat
Percentile par nombre de réponses
Votre historique - résultats
Vous n’avez pas pris ce quiz